Mutter und Sohn auf einem Relief des frühen alten Reiches / von Hermann Junker.

محفوظ في:

المؤلف الرئيسي: Junker, Hermann, 1877-1962.

التنسيق: كتاب

اللغة: German

منشور في: Wien : Österreichischen Akademie der Wissenschaften, 1953.

سلاسل: Sonderabdrück aus dem Anzeiger der phil.-hist. Klasse der Österreichischen akademie der Wissenschaften. Jahrgang 1953. Nr. 14.

الموضوعات:

الوسوم: إضافة وسم

لا توجد وسوم, كن أول من يضع وسما على هذه التسجيلة!

رقم الطلب: ( P )DT73 .G5 J95 1953

LEADER 00964nam a2200217Ia 4500
003 OSt
005 20240708102004.0
008 811102s1953 au f 000 0 ger d
952 |0 0  |1 0  |2 lcc  |4 0  |7 1  |9 43803  |a ARCE  |b ARCE  |d 2022-11-24  |l 0  |o ( P )DT73 .G5 J95 1953  |p 1026911  |r 2022-11-24 00:00:00  |w 2022-11-24  |y BK 
999 |c 50260  |d 50260 
040 |c ARCE Library 
050 4 |a ( P )DT73 .G5 J95 1953 
100 1 |a Junker, Hermann,   |d 1877-1962. 
245 1 0 |a Mutter und Sohn auf einem Relief des frühen alten Reiches /   |b von Hermann Junker. 
264 1 |a Wien :   |b Österreichischen Akademie der Wissenschaften,   |c 1953. 
300 |a p. [171]-175 :   |b plate ;   |c 24 cm. 
490 0 |a Sonderabdrück aus dem Anzeiger der phil.-hist. Klasse der Österreichischen akademie der Wissenschaften. Jahrgang 1953. Nr. 14. 
500 |a Offprint from: Österreichischen Akademie der Wissenschaften, Jahrgang 1953, Nr, 14. 
650 0 |a Bas-relief -- Egypt. 
901 |a reviewed 
942 |2 lcc  |c BK